[Event "Lisbon op 5th"]
[Site "Lisbon"]
[Date "1999.11.19"]
[Round "7"]
[White "Djuric, Stefan"]
[Black "Del Rey, Diego"]
[Result "1-0"]
[WhiteElo "2504"]
[BlackElo "2369"]
[PlyCount "76"]
[EventDate "1999.11.06"]
[Source "ChessBase"]
[SourceDate "2000.01.11"]

1. Nf3 Nf6 2. c4 g6 3. Nc3 Bg7 4. e4 d6 5. d4 O-O 6. Bg5 Nbd7 7. Be2 h6 8. Be3 Ng4 9. Bd2 e5 10. d5 f5 11. h3 Ngf6 12. exf5 gxf5 13. b4 a5 14. bxa5 Nc5 15. O-O Rxa5 16. a4 Ra8 17. a5 f4 18. Nh2 Bf5 19. Ra3 Rf7 20. Na4 Nfd7 21. Bh5 Rf8 22. Nxc5 Nxc5 23. Bb4 e4 24. Bg4 Bg6 25. Kh1 Nd3 26. Be1 b6 27. a6 Ra7 28. f3 Nxe1 29. fxe4 Nxg2 30. Kxg2 Bxe4+ 31. Nf3 Qf6 32. Rf2 Bf5 33. Bxf5 Qxf5 34. Kh2 Qe4 35. Ra4 Rfa8 36. Rg2 Kh8 37. c5 Qe3 38. c6 Rxa6 1-0

[Event "Jagodina"]
[Site "Jagodina"]
[Date "1998.03.29"]
[Round "7"]
[White "Novoselski, Zoran"]
[Black "Antic, Dejan"]
[Result "0-1"]
[WhiteElo "2385"]
[BlackElo "2460"]
[PlyCount "77"]
[EventDate "1998.03.23"]
[Source "ChessBase"]
[SourceDate "1998.09.09"]

1. d4 Nf6 2. c4 g6 3. Nc3 Bg7 4. e4 d6 5. Nf3 O-O 6. Bg5 Na6 7. Qd2 e5 8. d5 Nc5 9. h3 c6 10. Bxf6 Bxf6 11. b4 Na6 12. a3 c5 13. Rb1 Kg7 14. h4 h5 15. Be2 b6 16. Ng5 Nc7 17. Kd1 Ne8 18. Kc2 Be7 19. f4 exf4 20. Qxf4 Bf6 21. Rhf1 Qe7 22. Nf3 Bg4 23. g3 Bxc3 24. Kxc3 Nf6 25. Bd3 Bxf3 26. Rxf3 Ng4 27. Rff1 Ne5 28. Be2 cxb4+ 29. axb4 a5 30. bxa5 Rxa5 31. Rxb6 Ra3+ 32. Kd2 Rc8 33. Rc1 Qa7 34. Rcb1 Rxc4 35. Ke1 Rc2 36. Kf1 Ra1 37. Bd1 Rxb1 38. Rxb1 Rh2 39. Bc2 0-1

[Event "Chigorin mem open, St Petersburg RUS"]
[Site "St Petersburg"]
[Date "1997.??.??"]
[Round "?"]
[White "Tulchinsky, M."]
[Black "Poluljahov, A."]
[Result "1/2-1/2"]
[WhiteElo "2305"]
[BlackElo "2510"]
[PlyCount "109"]
[EventDate "1997.??.??"]
[Source "www.chesslib.no"]
[SourceDate "2004.05.04"]

1. d4 Nf6 2. Nf3 g6 3. c4 Bg7 4. Nc3 O-O 5. e4 d6 6. Bg5 h6 7. Bh4 Nbd7 8. Be2 e5 9. d5 a5 10. Nd2 Nc5 11. Rb1 Bd7 12. b3 Nfxe4 13. Bxd8 Nxc3 14. Qc1 Nxe2 15. Kxe2 Raxd8 16. Rd1 e4 17. Nf1 Rde8 18. Ng3 f5 19. Kf1 f4 20. Ne2 g5 21. Nd4 f3 22. Qe3 fxg2+ 23. Kxg2 Bg4 24. Rd2 Rf3 25. Qe1 Nd3 26. Rxd3 Rxd3 27. Ne6 e3 28. fxe3 Bxe6 29. dxe6 Bc3 30. Qg3 Rxe6 31. Rf1 Rdxe3 32. Qg4 b6 33. Qf5 Re2+ 34. Kh1 Re1 35. Qf7+ Kh8 36. Rxe1 Rxe1+ 37. Kg2 Be5 38. Qxc7 Re2+ 39. Kf3 Rxh2 40. Kg4 Rxa2 41. Kh5 Rf2 42. Qxb6 Rf7 43. Qxa5 Rg7 44. Qa8+ Rg8 45. Qe4 g4 46. Kxh6 Rg7 47. b4 g3 48. Qa8+ Rg8 49. Qg2 Bd4 50. Qe4 Bg7+ 51. Kh5 Bc3 52. Qe3 Rg7 53. Qe8+ Rg8 54. Qe3 Rg7 55. Qe8+ 1/2-1/2

[Event "Decin-A"]
[Site "Decin CZE"]
[Date "1976.??.??"]
[Round "2"]
[White "Hartston, William R"]
[Black "Hausner, Ivan"]
[Result "1-0"]
[WhiteElo "2445"]
[BlackElo "2360"]
[PlyCount "59"]
[EventDate "1976.06.??"]
[Source "www.chesslib.no"]
[SourceDate "2004.05.04"]

1. d4 Nf6 2. c4 g6 3. Nc3 Bg7 4. Bg5 d6 5. e4 O-O 6. Nf3 Nbd7 7. Qc2 h6 8. Bh4 g5 9. Bg3 Nh5 10. Be2 e6 11. d5 Nxg3 12. hxg3 e5 13. Nd2 f5 14. g4 fxe4 15. Ndxe4 b6 16. O-O-O Rf7 17. Rh5 Nf8 18. Rdh1 Bd7 19. f3 Be8 20. Bd3 Re7 21. R5h3 a6 22. Nxg5 hxg5 23. Bh7+ Nxh7 24. Rxh7 Kf8 25. Qf5+ Kg8 26. Qxg5 Rd7 27. Rh8+ Kf7 28. Qh5+ Ke7 29. Qh7 Kf7 30. Qg8+ 1-0

[Event "JUG Team Ch FL"]
[Site "Arandjelovac"]
[Date "1990.??.??"]
[Round "6"]
[White "Jovicic, Milos"]
[Black "Pavlovic, Milos"]
[Result "1/2-1/2"]
[WhiteElo "2325"]
[BlackElo "2465"]
[PlyCount "61"]
[EventDate "1990.??.??"]
[Source "www.chesslib.no"]
[SourceDate "2004.05.04"]

1. Nf3 Nf6 2. c4 g6 3. Nc3 Bg7 4. e4 d6 5. d4 O-O 6. Bg5 h6 7. Bh4 Na6 8. Bd3 Qe8 9. O-O e5 10. Bc2 Bg4 11. h3 Bxf3 12. Qxf3 exd4 13. Bxf6 dxc3 14. Bxg7 Kxg7 15. b4 Qe5 16. a3 c5 17. Rad1 cxb4 18. Rd5 Qf6 19. Qe3 Nc7 20. Rd3 a5 21. Qb6 Ne6 22. axb4 axb4 23. Qxb4 Nd4 24. Bb3 c2 25. Qd2 Ra1 26. Bxc2 Rxf1+ 27. Kxf1 Nxc2 28. Qxc2 Rc8 29. Qb3 Qe5 30. f3 Ra8 31. Qc3 1/2-1/2

[Event "Groningen op"]
[Site "Groningen"]
[Date "1995.??.??"]
[Round "?"]
[White "Ivliev, Oleg"]
[Black "Volke, Karsten"]
[Result "0-1"]
[WhiteElo "2285"]
[BlackElo "2450"]
[PlyCount "140"]
[EventDate "1995.12.??"]
[Source "ChessBase"]

1. d4 Nf6 2. Nf3 g6 3. c4 Bg7 4. Nc3 O-O 5. e4 d6 6. Bg5 h6 7. Bf4 Nc6 8. Qd2 Kh7 9. d5 e5 10. Be3 Ne7 11. h3 Ne8 12. g4 c5 13. g5 h5 14. h4 a6 15. a4 Bg4 16. Ng1 b6 17. f3 Bd7 18. Bh3 Nc7 19. Kf2 Rb8 20. Nd1 b5 21. b4 cxb4 22. axb5 axb5 23. c5 dxc5 24. Bxc5 Nc8 25. Qxb4 f5 26. gxf6 Rxf6 27. Bxd7 Qxd7 28. Nh3 Bh6 29. Ng5+ Bxg5 30. hxg5 Ra6 31. Qb2 Nd6 32. Qxe5 Nf7 33. Qd4 Nxg5 34. Rxa6 Nxa6 35. Ba3 b4 36. Bc1 Ne6 37. Qe5 Nec5 38. Nb2 Re8 39. Qg5 Qg7 40. Kg2 Nxe4 41. fxe4 Rxe4 42. Nd3 b3 43. Bb2 Re2+ 44. Kf3 Rxb2 45. Nxb2 Qxb2 46. Re1 Qc2 47. Re7+ Kg8 48. Rb7 Qd3+ 49. Kf2 Qc2+ 50. Kg1 Qd1+ 51. Kf2 Qc2+ 52. Kg1 Qd1+ 53. Kh2 Qe2+ 54. Qg2 Qe5+ 55. Qg3 Qe2+ 56. Qg2 Qe5+ 57. Qg3 Qe2+ 58. Kg1 Qd1+ 59. Kh2 Qc2+ 60. Qg2 Nc5 61. Rb5 Nd3 62. Rxb3 Qxb3 63. Qxg6+ Kf8 64. Qxh5 Qc2+ 65. Kg3 Qf2+ 66. Kg4 Qg2+ 67. Kh4 Qh2+ 68. Kg5 Qf4+ 69. Kg6 Ne5+ 70. Kh7 Qe4+ 0-1

[Event "Vrnjacka Banja"]
[Site "Vrnjacka Banja"]
[Date "1981.??.??"]
[Round "5"]
[White "Kostic, Vladimir"]
[Black "Martinovic, Slobodan"]
[Result "0-1"]
[WhiteElo "2255"]
[BlackElo "2475"]
[PlyCount "43"]
[EventDate "1981.04.??"]
[Source "ChessBase"]

1. c4 Nf6 2. Nc3 g6 3. Nf3 Bg7 4. d4 O-O 5. e4 d6 6. Bg5 c5 7. h3 cxd4 8. Qxd4 h6 9. Bd2 Nc6 10. Qe3 e6 11. O-O-O a6 12. e5 dxe5 13. Nxe5 Nxe5 14. Qxe5 Bd7 15. Qd6 b5 16. Be3 Qc8 17. Be2 Bc6 18. Rhg1 bxc4 19. Bxc4 Bd5 20. Bxd5 Nxd5 21. Rd3 Qc4 22. Qxd5 0-1

[Event "JUG Team Ch"]
[Site "Igalo"]
[Date "1994.??.??"]
[Round "8"]
[White "Novoselski, Zoran"]
[Black "Pikula, Dejan"]
[Result "1-0"]
[WhiteElo "2370"]
[BlackElo "2360"]
[PlyCount "77"]
[EventDate "1994.??.??"]
[Source "www.chesslib.no"]
[SourceDate "2004.05.04"]

1. d4 Nf6 2. c4 g6 3. Nc3 Bg7 4. e4 d6 5. Nf3 O-O 6. Bg5 Na6 7. Qd2 e5 8. Be2 Qe8 9. dxe5 dxe5 10. h3 Nc5 11. Qc2 Ne6 12. Be3 Nf4 13. Bf1 Nd7 14. Nd5 Ne6 15. Ng5 Nd4 16. Qd2 Qd8 17. h4 c6 18. Nc3 Nf6 19. Be2 h6 20. Nh3 Ng4 21. h5 Nxe3 22. fxe3 Ne6 23. Qxd8 Rxd8 24. Bg4 Bf8 25. Nf2 Kg7 26. a3 Be7 27. Ke2 b6 28. b4 a5 29. b5 cxb5 30. Nd5 Bc5 31. cxb5 a4 32. Rhc1 Bd7 33. Nc3 Ra5 34. hxg6 fxg6 35. Bh3 Nc7 36. Rd1 Nxb5 37. Rxd7+ Rxd7 38. Nxb5 Rd8 39. Nc7 1-0

[Event "Cali op-A"]
[Site "?"]
[Date "2002.12.22"]
[Round "7"]
[White "Castro Rojas Oscar Humberto"]
[Black "Pupo Emilio"]
[Result "1-0"]
[WhiteElo "2365"]
[BlackElo "2354"]
[PlyCount "75"]
[EventDate "2002.??.??"]
[Source "www.chesslib.no"]
[SourceDate "2004.05.04"]

1. d4 Nf6 2. c4 g6 3. Nc3 Bg7 4. e4 d6 5. Nf3 O-O 6. Bg5 Nbd7 7. Bd3 e5 8. Qd2 exd4 9. Nxd4 Re8 10. O-O c6 11. Bc2 Qb6 12. b3 Nc5 13. Rfe1 Bd7 14. Rad1 a5 15. Qf4 Ng4 16. Qd2 a4 17. Nxa4 Nxa4 18. bxa4 Qc5 19. Nf3 Be6 20. h3 Ne5 21. Nxe5 Bxe5 22. Bb3 Qb6 23. Be3 Qa6 24. f4 Bg7 25. Bd4 f6 26. Qc3 Rf8 27. c5 d5 28. g4 Qa5 29. Qxa5 Rxa5 30. Bc3 Raa8 31. f5 gxf5 32. gxf5 Bf7 33. exd5 Bxd5 34. Rxd5 cxd5 35. Re7 Rfd8 36. Rxb7 Rac8 37. Ba5 Bh6 38. Bxd8 1-0

[Event "FRA-chT2S 9798"]
[Site "?"]
[Date "1998.??.??"]
[Round "7"]
[White "Bolding Klaus"]
[Black "Fioramonti Hung"]
[Result "0-1"]
[WhiteElo "2335"]
[BlackElo "2370"]
[PlyCount "79"]
[EventDate "1998.??.??"]
[Source "www.chesslib.no"]
[SourceDate "2004.05.04"]

1. Nf3 Nf6 2. c4 g6 3. Nc3 Bg7 4. d4 O-O 5. e4 d6 6. Bg5 c5 7. d5 Qa5 8. Bd3 e6 9. O-O a6 10. h3 h6 11. Bd2 Qc7 12. a3 Re8 13. b4 exd5 14. exd5 Nbd7 15. Re1 Rxe1+ 16. Qxe1 Nb6 17. bxc5 Qxc5 18. Qe7 Bd7 19. Ne5 Rf8 20. Rb1 Qc7 21. Nxd7 Nfxd7 22. Ne4 Nc8 23. Qh4 f5 24. Nc3 Nc5 25. Bc2 Nb6 26. Ne2 g5 27. Bxg5 hxg5 28. Qxg5 Nxc4 29. Bxf5 Qf7 30. Ng3 Qf6 31. Qh5 Qh6 32. Qe2 b5 33. a4 Nxa4 34. Be6+ Kh8 35. Nf5 Qh7 36. Re1 Bc3 37. Rc1 Rxf5 38. Bxf5 Qxf5 39. Qe8+ Kg7 40. Qe7+ 0-1

[Event "Pula tt"]
[Site "Pula CRO"]
[Date "1993.??.??"]
[Round "?"]
[White "Grdinic, Zvonimir"]
[Black "Havas, Ladislav"]
[Result "1/2-1/2"]
[WhiteElo "2410"]
[BlackElo "2285"]
[PlyCount "40"]
[EventDate "1993.??.??"]
[Source "www.chesslib.no"]
[SourceDate "2004.05.04"]

1. d4 Nf6 2. Nf3 g6 3. c4 Bg7 4. Nc3 O-O 5. e4 d6 6. Bg5 c5 7. d5 h6 8. Bf4 e6 9. dxe6 Bxe6 10. Qd2 Kh7 11. Bxd6 Re8 12. O-O-O Nc6 13. Bxc5 Qa5 14. Ba3 Rac8 15. Bd3 Nb4 16. Bxb4 Qxb4 17. Nd5 Rxc4+ 18. Kb1 Bxd5 19. exd5 Nxd5 20. Ka1 Qxd2 1/2-1/2

[Event "Val Thorens Open"]
[Site "Val Thorens FRA"]
[Date "1995.??.??"]
[Round "?"]
[White "Bolding, Klaus"]
[Black "Giffard, Nicolas"]
[Result "1-0"]
[WhiteElo "2290"]
[BlackElo "2390"]
[PlyCount "109"]
[EventDate "1995.??.??"]
[Source "www.chesslib.no"]
[SourceDate "2004.05.04"]

1. Nf3 Nf6 2. c4 g6 3. Nc3 Bg7 4. e4 d6 5. d4 O-O 6. Bg5 Bg4 7. h3 Bxf3 8. Qxf3 Nc6 9. Rd1 Nd7 10. Qe3 f6 11. Bh4 g5 12. Bg3 e5 13. dxe5 fxe5 14. h4 Bh6 15. c5 Nxc5 16. b4 Nd7 17. Nb5 Kg7 18. Nxd6 cxd6 19. Rxd6 Rf6 20. Rxd7+ Qxd7 21. hxg5 Kh8 22. gxh6 Qe7 23. Qc5 Rd6 24. Be2 b6 25. Qc3 Nd4 26. Rh5 Rc6 27. Bc4 Rxc4 28. Qxc4 Qxb4+ 29. Qxb4 Nc2+ 30. Kd2 Nxb4 31. Bxe5+ Kg8 32. Rg5+ Kf7 33. Rg7+ Ke6 34. Bb2 Rf8 35. Ba3 Rd8+ 36. Kc3 Nd3 37. Re7+ Kf6 38. Rxh7 Kg6 39. Rxa7 Nxf2 40. e5 Kxh6 41. e6 Kg6 42. e7 Rc8+ 43. Kb4 Ne4 44. Kb5 Nf6 45. Rb7 Kf7 46. Rxb6 Ne8 47. Bc5 Nc7+ 48. Kc6 Ne8+ 49. Kd5 Nf6+ 50. Rxf6+ Kxf6 51. Kd6 Kf7 52. Kd7 Rb8 53. Bb6 Ra8 54. a4 Rb8 55. a5 1-0

[Event "EST-chT Cup"]
[Site "Tallinn"]
[Date "2000.04.07"]
[Round "?"]
[White "Luik, Helmuth"]
[Black "Sepp, Olav"]
[Result "0-1"]
[WhiteElo "2253"]
[BlackElo "2414"]
[PlyCount "73"]
[EventDate "2000.02.25"]
[Source "www.chesslib.no"]
[SourceDate "2004.05.04"]

1. d4 Nf6 2. c4 g6 3. Nc3 Bg7 4. e4 d6 5. Nf3 O-O 6. Bg5 h6 7. Bh4 c5 8. d5 b5 9. cxb5 a6 10. a4 Qa5 11. Nd2 g5 12. Bg3 Nxe4 13. Ncxe4 f5 14. Nc3 f4 15. Ra3 fxg3 16. hxg3 Qb4 17. Nc4 axb5 18. Rb3 bxc4 19. Rxb4 cxb4 20. Nb5 b3 21. Bxc4 Rxa4 22. Be2 Ra2 23. O-O Rxb2 24. Bd3 Nd7 25. Nc7 Nc5 26. Bb1 Bd7 27. Qh5 Rc8 28. Ne6 Nxe6 29. dxe6 Bxe6 30. Qg6 Bf7 31. Qh7+ Kf8 32. g4 Rc4 33. Bd3 Rf4 34. g3 Rb4 35. Qf5 Bf6 36. Qc8+ Kg7 37. Qf5 0-1

[Event "St Petersburg op"]
[Site "St Petersburg"]
[Date "1995.??.??"]
[Round "7"]
[White "Tarasov, Mikhail"]
[Black "Frolov, Denis"]
[Result "0-1"]
[WhiteElo "2305"]
[BlackElo "2355"]
[PlyCount "96"]
[EventDate "1995.05.??"]
[Source "ChessBase"]

1. d4 Nf6 2. c4 g6 3. Nc3 Bg7 4. e4 d6 5. Nf3 O-O 6. Bg5 Nbd7 7. Be2 c6 8. O-O e5 9. dxe5 dxe5 10. Qc2 h6 11. Bd2 Qc7 12. b4 Rd8 13. Nd1 Nf8 14. Bc3 Nh5 15. Ne3 Nf4 16. c5 N8e6 17. Bd1 Nd4 18. Qb2 Be6 19. Rb1 Qe7 20. Ne1 Rd7 21. g3 Nh3+ 22. Kh1 Rad8 23. Bg4 Bxg4 24. Nxg4 Qe6 25. f3 h5 26. Nf2 Nb5 27. Kg2 Nxc3 28. Qxc3 Rd2 29. Rb2 Bh6 30. a3 Be3 31. Rxd2 Bxd2 32. Qc2 Nxf2 33. Kxf2 Qh3 34. Ng2 Qxh2 35. Rd1 Be3+ 36. Kxe3 Rxd1 37. Qxd1 Qxg2 38. Qd7 Qxg3 39. Qxb7 h4 40. b5 h3 41. bxc6 h2 42. c7 Qe1+ 43. Kd3 h1=Q 44. c8=Q+ Kg7 45. Kc4 Qxf3 46. Qb4 Qee2+ 47. Kd5 Qf6 48. Qc3 Qa2+ 0-1

[Event "Mercedes Open"]
[Site "Mercedes"]
[Date "1975.??.??"]
[Round "6"]
[White "Maiztegui Casas, Lincoln"]
[Black "Emma, C."]
[Result "1/2-1/2"]
[WhiteElo "2255"]
[BlackElo "2405"]
[PlyCount "72"]
[EventDate "1975.??.??"]
[Source "www.chesslib.no"]
[SourceDate "2004.05.04"]

1. Nf3 g6 2. d4 Nf6 3. c4 Bg7 4. Nc3 O-O 5. e4 d6 6. Bg5 c5 7. d5 h6 8. Bf4 Re8 9. Qd2 g5 10. Bg3 Nh5 11. Bd3 e5 12. O-O Nd7 13. Ne1 a6 14. Nc2 Rb8 15. Rfe1 Nf4 16. Bf1 Nf8 17. Ne3 N8g6 18. Rab1 h5 19. f3 Bh6 20. Qd1 Bd7 21. b4 cxb4 22. Rxb4 Qc7 23. Qb3 g4 24. Nf5 Bf8 25. fxg4 hxg4 26. Rb1 Qc8 27. Na4 Bxf5 28. Nb6 Qc7 29. exf5 Ne7 30. Qd1 Nxf5 31. Qxg4+ Ng7 32. Nd7 f5 33. Nf6+ Kf7 34. Qg5 Re7 35. Nh7 Kg8 36. Nf6+ Kf7 1/2-1/2

[Event "Warren, MI"]
[Site "?"]
[Date "2004.06.26"]
[Round "2.1"]
[White "Gabbara Faris"]
[Black "Finegold Ben"]
[Result "0-1"]
[WhiteElo "2047"]
[BlackElo "2606"]
[PlyCount "62"]
[EventDate "2004.??.??"]
[Source "www.chesslib.no"]
[SourceDate "2004.05.04"]

1. d4 Nf6 2. Bg5 g6 3. Nf3 Bg7 4. c4 O-O 5. Nc3 d6 6. e4 c5 7. d5 Qa5 8. Qd2 e6 9. Nb5 Qb6 10. Nxd6 exd5 11. Bxf6 Bxf6 12. e5 Bg4 13. cxd5 Bxf3 14. Nc4 Qd8 15. gxf3 b5 16. exf6 bxc4 17. O-O-O Qxf6 18. Bxc4 Nd7 19. h4 h5 20. Qg5 Qg7 21. Rhe1 Rab8 22. Rd2 Rxb2 23. Rxb2 Qc3+ 24. Kb1 Qxe1+ 25. Qc1 Qe7 26. Qf4 Qe1+ 27. Qc1 Qe5 28. Qe3 Qf6 29. Rb7 Nb6 30. Qxc5 Rc8 31. Rc7 Qf5+ 0-1

[Event "Serbia-chT central"]
[Site "?"]
[Date "2003.??.??"]
[Round "?"]
[White "Novoselski Zoran"]
[Black "Pavlovic Nebojsa"]
[Result "0-1"]
[WhiteElo "2358"]
[BlackElo "2292"]
[PlyCount "82"]
[EventDate "2003.??.??"]
[Source "www.chesslib.no"]
[SourceDate "2004.05.04"]

1. Nf3 Nf6 2. c4 g6 3. Nc3 Bg7 4. e4 d6 5. d4 O-O 6. Bg5 c5 7. d5 b5 8. cxb5 a6 9. Qd2 Qa5 10. bxa6 Bxa6 11. Bxa6 Qxa6 12. Qe2 Qb7 13. O-O Nbd7 14. Rab1 Rfb8 15. Nd2 Nb6 16. Rfc1 h6 17. Bh4 Nh5 18. a3 Qd7 19. Nd1 e6 20. Qg4 exd5 21. Qxd7 Nxd7 22. exd5 Nf4 23. Kf1 Nxd5 24. Nc4 f5 25. f3 Ra6 26. Rc2 Ne5 27. Bg3 Nxc4 28. Rxc4 Rb3 29. Ke2 Kf7 30. Kd2 Ke6 31. Kc2 Rab6 32. Be1 Ne3+ 33. Nxe3 Rxe3 34. Bd2 Re2 35. Kd3 Rxg2 36. b4 Kd5 37. Rbc1 Ra6 38. Rxc5+ dxc5 39. Rxc5+ Ke6 40. Bc1 Rd6+ 41. Kc4 Bd4 0-1

[Event "13. Clansko DP Slovenije 2003"]
[Site "?"]
[Date "2003.08.04"]
[Round "3"]
[White "Jokovic Dusan"]
[Black "Tratar Marko"]
[Result "0-1"]
[WhiteElo "2195"]
[BlackElo "2455"]
[PlyCount "102"]
[EventDate "2003.??.??"]
[Source "www.chesslib.no"]
[SourceDate "2004.05.04"]

1. d4 d6 2. Nf3 Nf6 3. c4 g6 4. Nc3 Bg7 5. e4 O-O 6. Bg5 h6 7. Be3 Nbd7 8. h3 e5 9. d5 Nc5 10. Nd2 a5 11. Be2 Bd7 12. O-O Nh7 13. Re1 f5 14. exf5 gxf5 15. f4 exf4 16. Bxf4 Qf6 17. Nf3 Ng5 18. Rc1 Rae8 19. Bf1 Nce4 20. Bd3 Nxc3 21. bxc3 Ne4 22. Bd2 Qg6 23. Bf1 Qg3 24. Re2 Nxd2 25. Qxd2 f4 26. Qe1 Rxe2 27. Bxe2 Re8 28. Kf1 Re3 29. Qxg3 fxg3 30. Nd4 Bxd4 31. cxd4 Bf5 32. Rd1 Be4 33. Rd2 Rc3 34. Rd1 a4 35. h4 a3 36. Re1 Rc2 37. Bh5 Rf2+ 38. Kg1 Rxg2+ 39. Kf1 Rf2+ 40. Kg1 Rf4 41. Re3 g2 42. Be2 Rxh4 43. Bf3 Bxf3 44. Rxf3 Rxd4 45. Rc3 b6 46. Kxg2 Rd2+ 47. Kf3 Rxa2 48. Rc1 Rb2 49. Ke4 a2 50. Ra1 Kf7 51. Kf5 Rc2 0-1

[Event "CZE-chT2 9798"]
[Site "CZE"]
[Date "1997.??.??"]
[Round "1.1"]
[White "Krouzel, Jaroslav"]
[Black "Znamenacek, Kvetoslav"]
[Result "1-0"]
[WhiteElo "2325"]
[BlackElo "2325"]
[PlyCount "119"]
[EventDate "1998.??.??"]
[Source "www.chesslib.no"]
[SourceDate "2004.05.04"]

1. d4 Nf6 2. Nf3 g6 3. c4 Bg7 4. Nc3 O-O 5. e4 d6 6. Bg5 h6 7. Bf4 Nh5 8. Be3 e5 9. dxe5 dxe5 10. Qxd8 Rxd8 11. Nd5 Rd7 12. O-O-O Na6 13. c5 c6 14. Bxa6 cxd5 15. Bb5 d4 16. Bxd7 Bxd7 17. Bd2 Rc8 18. Rhe1 Nf6 19. Kb1 Ng4 20. Bb4 f5 21. exf5 Bxf5+ 22. Ka1 Nxf2 23. Rd2 Nd3 24. Rxd3 Bxd3 25. Nxe5 Bc2 26. Nc4 d3 27. Nd6 Rb8 28. a3 Bd4 29. Nc4 Rc8 30. Nd6 Rb8 31. Nc4 b5 32. Nd2 Rc8 33. Ne4 Rc6 34. Rf1 Re6 35. Nd6 a6 36. c6 Bf6 37. Nc8 Bd8 38. Rf8+ Kg7 39. Rxd8 Rxc6 40. Bc3+ Kf7 41. Ka2 g5 42. Bb4 Re6 43. Rf8+ Kg6 44. Rf2 Kh5 45. b3 Bd1 46. Kb2 Be2 47. Bc3 a5 48. b4 axb4 49. axb4 Kg4 50. Be1 Kh5 51. h3 g4 52. Bd2 gxh3 53. gxh3 Kh4 54. Na7 Kxh3 55. Nxb5 h5 56. Nd4 Rb6 57. Nxe2 dxe2 58. Rxe2 Kg3 59. Kb3 h4 60. Be1+ 1-0

[Event "Esbjerg op"]
[Site "Esbjerg"]
[Date "1972.??.??"]
[Round "2"]
[White "Fedder, Steen"]
[Black "Hvenekilde, Jorgen"]
[Result "1/2-1/2"]
[WhiteElo "2370"]
[BlackElo "2260"]
[PlyCount "141"]
[EventDate "1972.??.??"]
[Source "ChessBase"]

1. d4 d6 2. Nf3 Nf6 3. c4 g6 4. Nc3 Bg7 5. e4 O-O 6. Bg5 c5 7. d5 a6 8. Qd2 Bg4 9. Be2 Nbd7 10. O-O Rb8 11. a4 Re8 12. h3 Bxf3 13. Bxf3 Qa5 14. Qc2 Nf8 15. Rad1 e6 16. Bd2 Qb6 17. Rfe1 exd5 18. cxd5 N8d7 19. Be3 Qc7 20. Be2 c4 21. f4 b5 22. axb5 axb5 23. Bf3 Nc5 24. Ne2 Nb3 25. Ng3 Nd7 26. Bf2 Qa5 27. Re2 Ndc5 28. Be1 Qd8 29. e5 dxe5 30. fxe5 Bxe5 31. Rxe5 Rxe5 32. Bc3 Qg5 33. Bxe5 Qxe5 34. Ne2 Nd3 35. Qc3 Qe3+ 36. Kh2 Rd8 37. Qf6 Qe5+ 38. Qxe5 Nxe5 39. Nc3 b4 40. Na4 Nd3 41. Be2 Rxd5 42. Nb6 Re5 43. Bxd3 cxd3 44. Rxd3 Nc5 45. Rd4 Re4 46. Rd2 Kg7 47. Rd5 Ne6 48. Rd2 h5 49. Kg3 h4+ 50. Kf2 Ng5 51. Rd5 f5 52. Nd7 Rc4 53. Ke3 Rc2 54. Rd2 f4+ 55. Kd3 Rxd2+ 56. Kxd2 f3 57. gxf3 Nxh3 58. Ke3 g5 59. b3 Nf4 60. Ne5 Nd5+ 61. Kd4 Nf6 62. Ke3 Kh6 63. Nd3 Nd5+ 64. Kf2 Kg6 65. Kg1 Kf6 66. Kf2 Kf5 67. Kg1 Ke6 68. Kf2 Kd6 69. Kg1 Kc6 70. Kh2 Kb5 71. Kh3 1/2-1/2

[Event "HUN Team Ch"]
[Site "HUN"]
[Date "1992.??.??"]
[Round "?"]
[White "Kovacs, Laszlo M"]
[Black "Borsavolgyi, Tamas"]
[Result "1/2-1/2"]
[WhiteElo "2350"]
[BlackElo "2280"]
[PlyCount "72"]
[EventDate "1992.??.??"]
[Source "www.chesslib.no"]
[SourceDate "2004.05.04"]

1. Nf3 Nf6 2. c4 g6 3. Nc3 Bg7 4. d4 O-O 5. e4 d6 6. Bg5 h6 7. Be3 Ng4 8. Bd2 e5 9. d5 f5 10. Bd3 c5 11. Qc2 a6 12. h3 Nf6 13. exf5 Qe8 14. O-O-O gxf5 15. Bxf5 Bxf5 16. Qxf5 Nxd5 17. Qe4 Nf6 18. Qh4 Qg6 19. Qg3 Qxg3 20. fxg3 Nc6 21. Rhe1 Nd4 22. g4 b5 23. cxb5 axb5 24. Nxd4 cxd4 25. Nxb5 Rxa2 26. Nxd6 Rb8 27. Nc4 Nd5 28. Kb1 Ra4 29. Rc1 e4 30. Rxe4 Nc3+ 31. Bxc3 dxc3 32. b3 Rxb3+ 33. Kc2 Rb2+ 34. Nxb2 Rxe4 35. Nd1 Re2+ 36. Kd3 Rxg2 1/2-1/2

[Event "Cataluna-chT"]
[Site "ESP"]
[Date "1999.??.??"]
[Round "1"]
[White "Lacasa Diaz, Jose Antonio"]
[Black "Sanpera Bonet, Juan Carlos"]
[Result "1/2-1/2"]
[WhiteElo "2395"]
[BlackElo "2225"]
[PlyCount "44"]
[EventDate "1999.??.??"]
[Source "www.chesslib.no"]
[SourceDate "2004.05.04"]

1. d4 g6 2. e4 d6 3. c4 Nf6 4. Nc3 Bg7 5. Nf3 O-O 6. Bg5 c5 7. d5 b5 8. cxb5 a6 9. Nd2 axb5 10. Bxb5 Ba6 11. O-O Bxb5 12. Nxb5 Nbd7 13. a4 h6 14. Bh4 Qa5 15. Qc2 Nb6 16. b3 g5 17. Bg3 Nxe4 18. Nxe4 Bxa1 19. Rxa1 Qxb5 20. Bxd6 Nxd5 21. Nxg5 hxg5 22. Qf5 exd6 1/2-1/2

[Event "Jagodina"]
[Site "Jagodina"]
[Date "1998.03.30"]
[Round "8"]
[White "Novoselski, Zoran"]
[Black "Nesic, Nebojsa"]
[Result "1-0"]
[WhiteElo "2385"]
[BlackElo "2235"]
[PlyCount "69"]
[EventDate "1998.03.23"]
[Source "ChessBase"]
[SourceDate "1998.09.09"]

1. d4 Nf6 2. c4 g6 3. Nc3 Bg7 4. e4 O-O 5. Nf3 d6 6. Bg5 h6 7. Bh4 g5 8. Bg3 Nh5 9. Be2 e6 10. e5 f5 11. exf6 Qxf6 12. Ne4 Qf5 13. Bd3 Nf4 14. O-O Nxd3 15. Qxd3 Nc6 16. Rfd1 e5 17. dxe5 dxe5 18. Qe3 Qg6 19. Re1 Bg4 20. Nfd2 Rad8 21. f3 Bc8 22. Rac1 Rf7 23. Nb3 g4 24. fxg4 Qxg4 25. a3 Bf5 26. Nf2 Qg6 27. Nc5 b6 28. Nce4 Nd4 29. c5 b5 30. Rc3 Ne6 31. c6 a6 32. Rcc1 Rd4 33. Nd2 Rf4 34. Nf3 e4 35. Nd4 1-0

[Event "Mikrometal Cup"]
[Site "Budapest HUN"]
[Date "1993.??.??"]
[Round "?"]
[White "Forgacs, Jozsef"]
[Black "Borsavolgyi, Tamas"]
[Result "0-1"]
[WhiteElo "2330"]
[BlackElo "2285"]
[PlyCount "90"]
[EventDate "1993.??.??"]
[Source "www.chesslib.no"]
[SourceDate "2004.05.04"]

1. Nf3 g6 2. c4 Bg7 3. Nc3 Nf6 4. d4 O-O 5. e4 d6 6. Bg5 h6 7. Bf4 Bg4 8. Qd2 Kh7 9. O-O-O Nc6 10. Qc2 Nd7 11. Be3 e5 12. dxe5 dxe5 13. Be2 Bxf3 14. gxf3 Nd4 15. Bxd4 exd4 16. Nb5 c5 17. f4 a6 18. Na3 Qh4 19. f5 Qxf2 20. Kb1 Bf6 21. h4 Ne5 22. Rhf1 Qe3 23. h5 g5 24. Rfe1 Rfd8 25. Bd3 Qf3 26. Rf1 Qxh5 27. Rh1 Qf3 28. Rhf1 Qg3 29. Rg1 Qf4 30. Rgf1 Nf3 31. e5 Bxe5 32. f6+ Kh8 33. Rxf3 Qxf3 34. Rf1 Qe3 35. Qd1 Bf4 36. Rh1 g4 37. Nc2 Qf3 38. Be2 Qc6 39. Bd3 Rg8 40. Rh5 Bg5 41. Qf1 Qxf6 42. Qh1 Rae8 43. Ne1 Re3 44. Kc2 Rge8 45. Ng2 Qf2+ 0-1

[Event "Ch Colombia"]
[Site "Cartagena (Colombia)"]
[Date "2007.06.14"]
[Round "2"]
[White "Nunez Guzman Jose Luis (MEX)"]
[Black "Pena Alfredo (COL)"]
[Result "1-0"]
[WhiteElo "2349"]
[BlackElo "2255"]
[PlyCount "71"]
[EventDate "2007.??.??"]
[Source "www.chesslib.no"]
[SourceDate "2004.05.04"]

1. c4 Nf6 2. Nc3 g6 3. Nf3 Bg7 4. e4 O-O 5. d4 d6 6. Bg5 h6 7. Bh4 c5 8. Be2 cxd4 9. Nxd4 Nc6 10. Nc2 b6 11. O-O Bb7 12. Qd2 Kh7 13. Rad1 Rc8 14. b3 g5 15. Bg3 Ne5 16. f3 Nh5 17. Bf2 Nf4 18. Nd4 Neg6 19. Rfe1 Qd7 20. Bf1 Be5 21. Nf5 e6 22. Ne3 Rfd8 23. Ng4 Bg7 24. Be3 Qc7 25. Nb5 Qb8 26. g3 Nh5 27. Bxg5 hxg5 28. Qxg5 Rc5 29. e5 Bxf3 30. Qxh5+ Kg8 31. Nf6+ Bxf6 32. Qxf3 Bxe5 33. Bd3 a6 34. b4 Rcc8 35. Bxg6 fxg6 36. Qg4 1-0

[Event "Nyiregyhaza op"]
[Site "?"]
[Date "1996.??.??"]
[Round "3"]
[White "Fulop Csaba"]
[Black "Marasescu Ioan"]
[Result "1/2-1/2"]
[WhiteElo "2235"]
[BlackElo "2360"]
[PlyCount "25"]
[EventDate "1996.??.??"]
[Source "www.chesslib.no"]
[SourceDate "2004.05.04"]

1. d4 Nf6 2. Nf3 g6 3. c4 Bg7 4. Nc3 d6 5. e4 O-O 6. Bg5 c6 7. Qc2 a6 8. Bd3 b5 9. a4 bxc4 10. Bxc4 a5 11. O-O Qb6 12. Rae1 Qb4 13. b3 1/2-1/2